000 00310nam a22001337a 4500
008 180103b xxu||||| |||| 00| 0 eng d
020 _a9780471697572
041 _aeng
080 _a336
100 _a56
101 _aFIN
245 _aFinancial Instituionas, Markets, Money
_cKidwell, D.S
942 _2udc
_cBK
999 _c39644
_d39644